[Event "Paraense-ch"]
[Site "Castanhal"]
[Date "2020.11.01"]
[Round "3"]
[White "Laranjeira, Marcio Muniz"]
[Black "Da Costa, Roberto Rodrigues G"]
[Result "1-0"]
[WhiteElo "1957"]
[BlackElo "1851"]
[PlyCount "91"]
[EventDate "2020.10.31"]
[EventType "swiss"]
[EventRounds "5"]
[EventCountry "BRA"]
[SourceTitle "EXT 2022"]
[Source "ChessBase"]
[SourceDate "2021.10.06"]
[SourceVersion "1"]
[SourceVersionDate "2021.10.06"]
[SourceQuality "1"]

1. e4 e5 2. Nf3 Nc6 3. Bc4 Bc5 4. 0-0 Nf6 5. Nc3 0-0 6. d3 h6 7. Be3 Bxe3 8. fxe3 d6 9. h3 Na5 10. Bd5 c6 11. Bb3 Nxb3 12. axb3 Qe7 13. Qe1 d5 14. exd5 cxd5 15. Qh4 Bd7 16. d4 exd4 17. exd4 a6 18. Ne5 Be6 19. Rf3 Kh7 20. Raf1 g5 21. Qf2 Ne4 22. Nxe4 dxe4 23. Rf6 h5 24. Qe2 Kg7 25. Qxh5 Qxf6 26. Rxf6 Kxf6 27. Qh6+ Ke7 28. Qxg5+ f6 29. Ng6+ Kf7 30. Qh5 Rg8 31. Nf4+ Ke7 32. Qc5+ Kd7 33. Qb6 Rae8 34. Qxb7+ Kd8 35. Qb6+ Kd7 36. d5 Bxh3 37. Qc6+ Ke7 38. Nxh3 e3 39. Nf4 Kf7 40. d6 e2 41. Qc4+ Kg7 42. Nxe2 Rc8 43. Qd3 Rgd8 44. c4 Rb8 45. Nf4 Re8 46. d7 1-0

[Event "Paraense-ch"]
[Site "Parauapebas"]
[Date "2016.10.30"]
[Round "6.4"]
[White "Silva, Janio Santos"]
[Black "Laranjeira, Marcio Muniz"]
[Result "0-1"]
[WhiteElo "1926"]
[BlackElo "1969"]
[PlyCount "82"]
[EventDate "2016.10.28"]
[EventType "swiss"]
[EventRounds "6"]
[EventCountry "BRA"]
[SourceTitle "EXT 2022"]
[Source "ChessBase"]
[SourceDate "2021.10.06"]
[SourceVersion "1"]
[SourceVersionDate "2021.10.06"]
[SourceQuality "1"]

1. e4 e5 2. Nf3 Nc6 3. Bb5 d6 4. 0-0 Nf6 5. Re1 Be7 6. d4 exd4 7. Nxd4 Bd7 8. c3 0-0 9. Bd3 Re8 10. Qc2 Ne5 11. Bf1 c5 12. Ne2 Bb5 13. Ng3 Bxf1 14. Kxf1 g6 15. h3 Rc8 16. Na3 Kg7 17. Qd2 Ng8 18. f4 Bh4 19. Qe3 Nc6 20. f5 Qf6 21. Bd2 d5 22. Qf4 Bxg3 23. Qxg3 Rxe4 24. Rxe4 dxe4 25. Qf4 Qxf5 26. g4 Qxf4+ 27. Bxf4 f5 28. Rd1 Re8 29. Rd7+ Re7 30. Rxe7+ Ngxe7 31. gxf5 gxf5 32. Nb5 Nd5 33. Bc1 Kf6 34. Nd6 b6 35. h4 Ke6 36. Nc4 f4 37. Nd2 Kf5 38. Nc4 e3 39. Ke2 Kg4 40. h5 b5 41. Nd6 f3+ 0-1

[Event "Maraba op 2nd"]
[Site "Maraba"]
[Date "2015.04.26"]
[Round "6"]
[White "Laranjeira, Marcio Muniz"]
[Black "Costa, Edvaldo da Cruz"]
[Result "1-0"]
[WhiteElo "1892"]
[BlackElo "1652"]
[PlyCount "127"]
[EventDate "2015.04.24"]
[EventType "swiss"]
[EventRounds "6"]
[EventCountry "BRA"]
[SourceTitle "CBM 166 Extra"]
[Source "ChessBase"]
[SourceDate "2015.06.18"]
[SourceVersion "1"]
[SourceVersionDate "2015.06.18"]
[SourceQuality "1"]

1. e4 e6 2. Nf3 d5 3. exd5 exd5 4. d4 Nc6 5. Bb5 Nf6 6. Ne5 Bd7 7. Nxd7 Qxd7 8. Nc3 a6 9. Qe2+ Be7 10. Bxc6 bxc6 11. 0-0 0-0 12. Bf4 Rfe8 13. Qf3 Bd6 14. Rfe1 Rxe1+ 15. Rxe1 Re8 16. Rxe8+ Qxe8 17. Bd2 Qe6 18. h3 c5 19. dxc5 Bxc5 20. Ne2 Ne4 21. Be3 Bxe3 22. Qxe3 Nf6 23. Qd3 c5 24. b3 h6 25. a4 Qe4 26. Qxe4 Nxe4 27. Nf4 Nf6 28. Kf1 Kf8 29. Ke2 Ke7 30. Kd3 Kd6 31. c3 a5 32. Ke3 c4 33. bxc4 dxc4 34. Kd4 Kc6 35. Kxc4 Ne4 36. Nd3 Nd2+ 37. Kd4 Nb3+ 38. Ke4 Nd2+ 39. Ke3 Nc4+ 40. Kd4 Nb6 41. Ne5+ Kc7 42. Nc4 Nxa4 43. Nxa5 Nb6 44. c4 Nc8 45. c5 Ne7 46. Kc4 g5 47. Nb3 f5 48. Nd4 f4 49. h4 Ng6 50. hxg5 hxg5 51. Ne6+ Kc6 52. Nxg5 Nh4 53. g3 fxg3 54. fxg3 Nf5 55. Ne4 Ne3+ 56. Kd3 Ng4 57. Kd4 Nh6 58. Ke5 Ng4+ 59. Kf4 Nh6 60. g4 Kd5 61. g5 Nf7 62. g6 Nh6 63. Kg5 Ng8 64. Nf6+ 1-0